Normal view
MARC view
- STRUCTURAL ANALYSIS -ENGINEERING, FINITE ELEMENT METHOD FEM
Entry Topical Term
001 - CONTROL NUMBER
- control field: 66816
003 - CONTROL NUMBER IDENTIFIER
- control field: NUST
005 - DATE AND TIME OF LATEST TRANSACTION
- control field: 20210628203659.0
008 - FIXED-LENGTH DATA ELEMENTS
- fixed length control field: 210628|| aca||aabn | a|a d
040 ## - CATALOGING SOURCE
- Original cataloging agency: NUST
- Transcribing agency: NUST
150 ## - HEADING--TOPICAL TERM
- Topical term or geographic name entry element: STRUCTURAL ANALYSIS -ENGINEERING, FINITE ELEMENT METHOD FEM
670 ## - SOURCE DATA FOUND
- Source citation: Work cat.: (NUST): COOK, ROBERT D, MALKUS, DAVID S, PLESHA, MICHAEL E 66815, CONCEPTS AND APPLICATIONS OF FINITE ELEMENT ANALYSIS, 2001
